书目信息 |
| 题名: |
基辛格
|
|
| 作者: | 艾萨克森 著 ;刘汉生 译 | |
| 分册: | ||
| 出版信息: | 北京 国际文化出版公司 2012.07 |
|
| 页数: | 600页 | |
| 开本: | 24cm | |
| 丛书名: | 皮波人物 | |
| 单 册: | ||
| 中图分类: | K837.127=6 | |
| 科图分类: | ||
| 主题词: | ||
| 电子资源: | ||
| ISBN: | 978-7-5125-0364-9 | |
| 000 | 01177oam2 2200313 450 | |
| 001 | 010050011521 | |
| 005 | 20130504094108.19 | |
| 010 | @a978-7-5125-0364-9@dCNY59.80 | |
| 100 | @a20120820d2012 em y0chiy50 ea | |
| 101 | 1 | @achi@ceng |
| 102 | @aCN@b110000 | |
| 105 | @af z 000yb | |
| 106 | @ar | |
| 200 | 1 | @a基辛格@9ji xin ge@dHenry Alfred Kissinger@e大国博弈的背后@f(美)沃尔特·艾萨克森(Walter Isaacson)著@g刘汉生等译@zeng |
| 210 | @a北京@c国际文化出版公司@d2012.07 | |
| 215 | @a600页@c照片@d24cm | |
| 225 | 2 | @a皮波人物@i军政馆@v34 |
| 308 | @a丛书166 | |
| 330 | @a本书主要内容包括:童年时代:纳粹时期的菲尔特(1923-1938);在华盛顿高地的日子:一位雄心勃勃的会计师的“美国化”历程等。 | |
| 462 | 0 | @12001 @a皮波人物@i军政馆@v34 |
| 510 | 1 | @aHenry Alfred Kissinger@zeng |
| 517 | 1 | @a大国博弈的背后@9da guo bo yi de bei hou |
| 600 | 0 | @a基辛格@c(Kissinger, Henry Alfred@f1923-)@x传记 |
| 600 | 0 | @a基辛格@c(Kissinger, Henry Alfred@f1923-) |
| 690 | @aK837.127=6@v5 | |
| 701 | 0 | @c(美)@a艾萨克森@9ai sa ke sen@c(Isaacson, Walter)@4著 |
| 702 | 0 | @a刘汉生@9liu han sheng@4译 |
| 801 | 0 | @aCN@bRENTIAN@c20120820 |
| 905 | @b542577-81@dK837.127=6@e35AS@f5 | |
| 基辛格=Henry Alfred Kissinger:大国博弈的背后/(美)沃尔特·艾萨克森(Walter Isaacson)著/刘汉生等译.-北京:国际文化出版公司,2012.07 |
| 600页:照片;24cm.-(皮波人物.军政馆;34) |
| ISBN 978-7-5125-0364-9:CNY59.80 |
| 本书主要内容包括:童年时代:纳粹时期的菲尔特(1923-1938);在华盛顿高地的日子:一位雄心勃勃的会计师的“美国化”历程等。 |
| ● |
| 相关链接 |
|
|
|
|
正题名:基辛格
索取号:K837.127=6/35AS
 
预约/预借
| 序号 | 登录号 | 条形码 | 馆藏地/架位号 | 状态 | 备注 |
| 1 | 542577 | 205425770 | 第二样本阅览室/ [索取号:K837.127=6/35AS] | 在馆 | |
| 2 | 542578 | 205425789 | 密集书库-史法系/ [索取号:K837.127=6/35AS] | 在馆 | |
| 3 | 542579 | 205425798 | 密集书库-史法系/ [索取号:K837.127=6/35AS] | 在馆 | |
| 4 | 542580 | 205425805 | 第二借阅区/ [索取号:K837.127=6/35AS] | 在馆 | |
| 5 | 542581 | 205425814 | 第二借阅区/ [索取号:K837.127=6/35AS] | 在馆 |